Greek Alphabet - Matching Symbol to Name - Statistics

General Stats
  • This quiz has been taken 492 times
  • The average score is 20 of 24
Answer Stats
Hint Answer % Correct
Α / α alpha
95%
Β / β bêta
95%
Μ / μ mu
94%
Ζ / ζ zêta
92%
Δ / δ delta
91%
Κ / κ kappa
91%
Ω / ω oméga
91%
Ι / ι iota
90%
Π / π pi
89%
Τ / τ tau
89%
Ν / ν nu
88%
Ε / ε epsilon
87%
Ο / ο omicron
86%
Υ / υ upsilon
80%
Σ / σ sigma
79%
Γ / γ gamma
78%
Λ / λ lambda
78%
Θ / θ thêta
75%
Φ / φ phi
74%
Ψ / ψ psi
69%
Ρ / ρ rhô
69%
Ξ / ξ xi
62%
Η / η êta
61%
Χ / χ khi
54%
No matching quizzes found
Score Distribution
Percent of People with Each Score
Percentile by Number Answered
Your Score History
You have not taken this quiz